| 000 | 00647nam a22001815i 4500 | ||
|---|---|---|---|
| 001 | 164011 | ||
| 003 | ES-MaACL | ||
| 005 | 20230906212845.0 | ||
| 008 | 050816s1889 fr |||| | por d | ||
| 040 |
_aCAM _bspa _cCAM |
||
| 100 | 1 |
_aRoumanille, J. _9132101 |
|
| 245 | 1 | 3 |
_aLi conte prouvençau e li cascareleto / _cde J. Roumanille. |
| 250 | _aEd. nouvello rev., courr. coume se déu, e brav. aum. | ||
| 260 |
_aAvignoun : _bEnc. de J. Roumanille, _c1889 ( _fImprimerie Seguin Frères) |
||
| 300 |
_a350 p. ; _c18 cm. |
||
| 500 | _aContiene traducción al francés. | ||
| 852 |
_aES-MaACL _jF-9031 _z-- Enc. hol., conservando la enc. original |
||
| 999 |
_c164011 _d164011 |
||